Statistics for DC characters quiz-medium

Click here to take the quiz!

General Stats

  • This quiz has been taken 34 times
  • The average score is 11 of 14

Answer Stats

Answer% Correct
Bane
97%
Reverse Flash
90%
Nightwing
87%
Beast Boy
83%
Blue Beetle
83%
Deathstroke
83%
Red Hood
83%
Starfire
83%
Black Canary
80%
Black Manta
77%
Doctor Fate
77%
Raven
73%
Darkseid
67%
Firestorm
67%

Score Distribution

Percentile by Number Answered

Percent of People with Each Score

Your Score History

You have not taken this quiz